BIBLIOTHÈQUE DE LA MAISON DU MEXIQUE

Logo 1 Logo 2

Historia de la arquitectura y el urbanismo mexicanos (notice nᵒ 10738)

détails MARC
000 -Sello discográfico
campo de control de longitud fija 01245nam a2200373 4500
005 - Identificación de versión
campo de control 20251016082159.0
010 ## - Número Estándar Internacional de Libros (ISBN)
Número (ISBN) 968-16-5391-2
035 ## - Otros números de control del sistema
Número de control del sistema 4287
099 ## - fechas locales
Tipo de ítem Koha LIBRO
100 ## - Datos de procesamiento general
Datos de procesamiento general 20040216d1997 m y1spay5003 ba
200 1# - Título y mención de responsabilidad
Título propio Historia de la arquitectura y el urbanismo mexicanos
Designación general del material texto impreso
Otra información del título vol. II, El período virreinal
Primer mención de responsabilidad Coordinación Carlos Chanfón Olmos
Número de una pieza Tomo I
Nombre de una parte El encuentro de dos universos culturales
210 ## - Publicación, distribución, etc.
Lugar de publicación, distribución, etc. México
Nombre del editor, distribuidor, etc. Universidad Nacional Autónoma de México : Fondo de Cultura Económica
Fecha de publicación, distribución, etc. 1997
215 ## - Descripción física
Designación de material específico y extensión del ítem 452 p
Otras características físicas il.
Dimensiones 31 cm
318 ## - Nota de acción
Acción No se presta a domicilio
345 ## - Nota de información de adquisición
Fuente de adquisición/dirección de la suscripción [OBSOLETO] Donación
606 ## - Término temático usado como materia
Elemento de entrada Arquitectura colonial
Subdivisión geográfica México
Número Koha 1214
606 ## - Término temático usado como materia
Elemento de entrada Arquitectura mexicana
Subdivisión temática Historia
Número Koha 887
606 ## - Término temático usado como materia
Elemento de entrada Ciudades y pueblos
Subdivisión temática Planificación
Subdivisión geográfica México
Número Koha 17227
606 ## - Término temático usado como materia
Elemento de entrada Urbanismo
Subdivisión geográfica México
Número Koha 117
660 ## - Código de área geográfica
Código MX
676 ## - Clasificación Decimal Dewey
Número R720.972 H673 v.2.1
702 ## - Nombre personal - Responsabilidad secundaria
Elemento de entrada Chanfón Olmos
Parte del nombre distinta del elemento de entrada Carlos
Fechas 1928-
Número Koha 17228
801 #0 - Fuente de origen
Agencia cm
900 ## -
-- 1/6420
900 ## -
-- 7100418182\160204
942 ## - ELEMENTOS DE ENTRADA SECUNDARIOS (KOHA)
Tipo de ítem Koha Livre

Pas d'exemplaire disponible.